| 000 | 00420nam a2200097Ia 4500 | ||
|---|---|---|---|
| 008 | 180130s9999 xx 000 0 und d | ||
| 245 |
_cHagermoser Sanetti, Lisa M.; Kratochwill, Thomas R. _aTreatment integrity assessment within a problem-solving model |
||
| 260 | _c2013 | ||
| 300 | _aBook title: Assessment for intervention : a problem-solving approach--Acession number C17203; pages 297-320 | ||
| 650 | _aSCHOOL PSYCHOLOGY | ||
| 999 |
_c353719 _d353719 |
||